书目信息 |
| 题名: |
柔性设计研究
|
|
| 作者: | 王晓军 , 朱文莉, 著 | |
| 分册: | ||
| 出版信息: | 长春 吉林出版集团股份有限公司 2025.01 |
|
| 页数: | 238页 | |
| 开本: | 24cm | |
| 丛书名: | ||
| 单 册: | ||
| 中图分类: | TU984.1 | |
| 科图分类: | ||
| 主题词: | 生态城市--sheng tai cheng shi--城市规划--建筑设计--研究 | |
| 电子资源: | ||
| ISBN: | 978-7-5731-5713-3 | |
| 000 | 01205nam0 2200277 450 | |
| 001 | 91756 | |
| 005 | 20250817135727.16 | |
| 010 | @a978-7-5731-5713-3@dCNY96.00 | |
| 099 | @aCAL 012025048381 | |
| 100 | @a20250514d2025 em y0chiy50 ea | |
| 101 | 0 | @achi |
| 102 | @aCN@b220000 | |
| 105 | @aak a 000yy | |
| 106 | @ar | |
| 200 | 1 | @a柔性设计研究@Arou xing she ji yan jiu@e基于弹性理念的生态城市设计策略框架@f王晓军, 朱文莉著 |
| 210 | @a长春@c吉林出版集团股份有限公司@d2025.01 | |
| 215 | @a238页@c图@d24cm | |
| 314 | @a王晓军, 男, 毕业于天津大学城市规划与设计专业, 博士, 现就职于沈阳建筑大学, 讲师。朱文莉, 1982年1月出生, 山东省寿光市人, 毕业于天津大学, 博士, 现就职于沈阳建筑大学, 讲师, 硕士研究生导师。 | |
| 320 | @a有书目 (第216-238页) | |
| 330 | @a本书共八章, 内容包括“柔性设计的题设: 生态城市发展问题及对策分析”“柔性设计的核心: 弹性理念的理论与作用”“柔性设计的基础: 可持续的生态城市模型”“柔性设计的应对: 生态城市的风险”等。 | |
| 606 | 0 | @a生态城市@Asheng tai cheng shi@x城市规划@x建筑设计@x研究 |
| 690 | @aTU984.1@v5 | |
| 701 | 0 | @a王晓军@Awang xiao jun@4著 |
| 701 | 0 | @a朱文莉,@Azhu wen li@f1982-@4著 |
| 801 | 0 | @aCN@c20250909 |
| 905 | @a河南城建学院图书馆@dTU984.1@eW380@f1 | |
| 柔性设计研究:基于弹性理念的生态城市设计策略框架/王晓军, 朱文莉著.-长春:吉林出版集团股份有限公司,2025.01 |
| 238页:图;24cm |
| ISBN 978-7-5731-5713-3:CNY96.00 |
| 本书共八章, 内容包括“柔性设计的题设: 生态城市发展问题及对策分析”“柔性设计的核心: 弹性理念的理论与作用”“柔性设计的基础: 可持续的生态城市模型”“柔性设计的应对: 生态城市的风险”等。 |
| ● |
| 相关链接 |
|
|
|
正题名:柔性设计研究
索取号:TU984.1/W380
 
预约/预借
| 序号 | 登录号 | 条形码 | 馆藏地/架位号 | 状态 | 备注 |
| 1 | 1625720 | 216257208 | 建筑库201/201建筑库 62排1列5层/ [索取号:TU984.1/W380] | 在馆 |